Maat, joiden nimissä on samat kolme alkukirjainta - Statistics

Yleistilastot
  • Tätä visaa on pelattu 4 898 kertaa
  • Keskiarvotulos 31 / 62
Vastaustilastot
Vastaus % Oikein
Etelä-Korea
77%
Etelä-Afrikka
76%
Yhdysvallat
73%
Etelä-Sudan
72%
Yhdistynyt kuningaskunta
69%
Yhdistyneet arabiemiraatit
64%
Irak
63%
Iran
63%
Pohjois-Korea
62%
Malesia
60%
Mali
60%
Niger
60%
Nigeria
59%
Turkki
59%
Turkmenistan
58%
Malediivit
57%
Venäjä
57%
Pohjois-Makedonia
56%
Venezuela
56%
Malta
54%
Tansania
54%
Slovakia
53%
Slovenia
53%
Tanska
53%
Kongon demokraattinen tasavalta
51%
Kongon tasavalta
51%
Mauritania
50%
Mauritius
50%
Guinea
49%
Itä-Timor
49%
Libya
49%
Montenegro
49%
Itävalta
48%
Liberia
48%
Norja
48%
Guinea-Bissau
47%
Monaco
47%
Belgia
46%
Libanon
46%
Mongolia
46%
Malawi
45%
Saint Lucia
44%
Saint Vincent ja Grenadiinit
43%
Dominica
42%
Saint Kitts ja Nevis
42%
Dominikaaninen tasavalta
41%
Marokko
41%
Sambia
41%
Samoa
40%
Belize
38%
Liettua
37%
Bahama
36%
Bahrain
36%
Kirgisia
35%
Norsunluurannikko
35%
Kiribati
33%
Liechtenstein
33%
Kamerun
32%
Kambodža
31%
Marshallinsaaret
30%
Burundi
27%
Burkina Faso
26%
Ehtoja vastaavia visoja ei löytynyt
Tulosjakauma
Jokaisen tuloksen saaneiden osuus
Persentiili vastausten määrän mukaan
Tuloshistoriasi
Et ole pelannut tätä visaa